<?xml version="1.0" encoding="UTF-8"?>
<collection xmlns:xsi="http://www.w3.org/2001/XMLSchema-instance" xsi:schemaLocation="http://www.loc.gov/MARC21/slim http://www.loc.gov/standards/marcxml/schema/MARC21slim.xsd" xmlns="http://www.loc.gov/MARC21/slim">
 <record>
  <leader>00000ctm a22000004a 4500</leader>
  <controlfield tag="001">UP-8027390931314024386</controlfield>
  <controlfield tag="003">Buklod</controlfield>
  <controlfield tag="005">20260218095123.0</controlfield>
  <controlfield tag="006">m    |o  d |      </controlfield>
  <controlfield tag="007">ta</controlfield>
  <controlfield tag="008">190207s        xx     d     r    |||| u|</controlfield>
  <datafield tag="035" ind1=" " ind2=" ">
   <subfield code="a">(iLib)UPVIS-00064312261</subfield>
  </datafield>
  <datafield tag="037" ind1=" " ind2=" ">
   <subfield code="a">Gift</subfield>
  </datafield>
  <datafield tag="040" ind1=" " ind2=" ">
   <subfield code="a">VML/mss/02/07/2019</subfield>
  </datafield>
  <datafield tag="041" ind1=" " ind2=" ">
   <subfield code="a">eng</subfield>
  </datafield>
  <datafield tag="090" ind1=" " ind2="0">
   <subfield code="a">LG 993.5 2017 F6 D45</subfield>
  </datafield>
  <datafield tag="100" ind1="1" ind2=" ">
   <subfield code="a">Del Rosario, Kwin Cybil Protacio</subfield>
  </datafield>
  <datafield tag="240" ind1="0" ind2="0">
   <subfield code="a">SOTECH</subfield>
  </datafield>
  <datafield tag="245" ind1="1" ind2="0">
   <subfield code="a">Characterization and utilization of calabash (Crescentia cujete) fruit in wine making.</subfield>
  </datafield>
  <datafield tag="264" ind1=" " ind2="1">
   <subfield code="a">2017.</subfield>
  </datafield>
  <datafield tag="300" ind1=" " ind2=" ">
   <subfield code="a">xi, 106 leaves.</subfield>
  </datafield>
  <datafield tag="500" ind1=" " ind2=" ">
   <subfield code="a">Thesis - B.S. (Food Technology) - School of Technology, University of the Philippines Visayas.</subfield>
  </datafield>
  <datafield tag="520" ind1="3" ind2=" ">
   <subfield code="a">Calabash (Crescentia cujete), a rare type of fruit with limited uses in the Philippines, was characterized and its potential for wine production was evaluated. The survey revealed that this fruit is used mainly as juice for medicinal purposes and its shell as ornaments. The calabash which weighs 5-6 kilos has approximately 60.27% pulp, pH of 4.66 and total soluble solids (TSS) of 8.3°Brix. The moisture content, fiber, ash, protein, fat, and carbohydrates were 90.67%, 1.62%, 0.49%, 1.42%, 0.21%, 5.56%, respectively. The high moisture content of the fruit suggested that it was suited for wine making. Two formulations of calabash wine were compared, F1 (pulp:water ratio of 1:2, TSS of 24°Brix, with 0.05% yeast w/v) and F2 (pulp:water ratio of 1:1, TSS of 24°Brix, with 0.05% yeast w/v). The 15-day fermentation at room temperature (26-30°C) yielded wines with alcohol content of 12.21% - 12.23% which conformed to standard values. During fermentation, there was a significant decrease in the TSS and significant increase in the alcohol content (two-way ANOVA at α = 0.05). A strong negative linear relationship existed between TSS and alcohol content with r = -0.8926 and r = -0.9410 for F1 and F2, respectively. Wines from the two formulations significantly differed in pH, TSS, and titrable  acidity (TA) during fermentation (two-way ANOVA at α = 0.05). A strong negative linear relationship existed between TSS and alcohol content with r = -0.8926 and r = -0.8926 and r = -0.9410 for F1 and F2, respectively. Wines from the two formulations significantly differed in pH, TSS, and titrable acidity (TA) during fermentation (two-way ANOVA at α = 0.05). The alcohol content between two formulations showed no significant different difference (two-way ANOVA at α = 0.05). The pH conformed to the standard values of 3.6-4.5 for most common wines. The titrable acidity, however, was below the range of the standard TA for most tropical wines. Between the two formulations, wine from F1 was significantly preferred than wine from F2 (Paired-preference Test at α = 0.05). Wine produced from F1 was raw umber in color, slightly sweet, with slightly detectable calabash-like aroma, and a very strong alcoholic aroma. Forty out of 50 respondents rated the product from like moderately to like very much. Ten respondents rated the product as like slightly. This indicates that the calabash which has a potential for commercialization.</subfield>
  </datafield>
  <datafield tag="650" ind1="1" ind2="0">
   <subfield code="a">Calabash.</subfield>
  </datafield>
  <datafield tag="650" ind1="1" ind2="0">
   <subfield code="a">Crescentia cujete.</subfield>
  </datafield>
  <datafield tag="650" ind1="1" ind2="0">
   <subfield code="a">Wine making.</subfield>
  </datafield>
  <datafield tag="720" ind1=" " ind2=" ">
   <subfield code="a">Teruel, S.R. Luzette.</subfield>
   <subfield code="e">Thesis Adviser.</subfield>
  </datafield>
  <datafield tag="852" ind1="0" ind2=" ">
   <subfield code="a">UPVIS</subfield>
   <subfield code="b">UPV-CFOS</subfield>
   <subfield code="h">LG 993.5 2017 F6 D45</subfield>
  </datafield>
  <datafield tag="942" ind1=" " ind2=" ">
   <subfield code="a">Thesis</subfield>
  </datafield>
 </record>
</collection>
